| 000 | 00465nam a2200181Ia 4500 | ||
|---|---|---|---|
| 008 | 240925s9999 xx 000 0 und d | ||
| 020 | _a9780486810263 | ||
| 082 | _a516.3 ALB | ||
| 100 | _aAlbert, Adrian A. | ||
| 245 | 0 | _aSolid Analytic Geometry | |
| 250 | _a1st | ||
| 260 |
_aCalifornia: _bWaite Group Press _c,2016. |
||
| 300 |
_a370p. _b0 _fNA |
||
| 500 | _aIncludes Index | ||
| 600 | _aHumanities & Natural Science | ||
| 650 | _aMathematics | ||
| 942 | _cBK | ||
| 999 |
_c16123 _d16123 |
||